000 00513nam a2200193Ia 4500
005 20260429112055.0
008 260429s9999||||xx |||||||||||||| ||und||
020 _a9788126915583
041 _aEnglish
082 _a320.09
_bJAY
100 _aJayapalan, N.
245 0 _aComprehensive history of political thought /
_cN. Jayapalan
250 _a1st ed.
260 _aGhaziabad :
_bPrimemax Books,
_c2025.
300 _avi, 436 p.; pbk
650 _a history
650 _aPolitical thoughts
942 _cTB
999 _c52216
_d52216